00253nam a2200109Ia 4500008004100000100002000041245002400061250000800085260002600093300000800119650001600127191201s2019 xx 000 0 und d aFLIPPO, Edwin B 0aPersonal Management a6th aN.DelhibMc Graw Hill a605 aB.Tech(CSE)